Trend top reštaurácie a hotely 2009 hodnotenia, rebríčky, komentáre
Enregistré dans:
| Format: | Livre |
|---|---|
| Langue: | slovaque anglais |
| Publié: |
Bratislava
Trend Holding
2008
|
| Sujets: | |
| Tags: |
Pas de tags, Soyez le premier à ajouter un tag!
|
MARC
| LEADER | 00000nam$a2200000$$$4500 | ||
|---|---|---|---|
| 001 | 0104697 | ||
| 005 | 20231113111853.2 | ||
| 020 | |a 978-80-89357-01-7 | ||
| 041 | 0 | |a slo | |
| 041 | 0 | |a eng | |
| 044 | |a SK | ||
| 245 | 1 | 0 | |a Trend top reštaurácie a hotely 2009 |b hodnotenia, rebríčky, komentáre |
| 264 | 1 | |a Bratislava |b Trend Holding |c 2008 | |
| 300 | |a 529 s. | ||
| 610 | 2 | 0 | |a hotely |
| 610 | 2 | 0 | |a reštaurácie |
| 610 | 2 | 0 | |a hodnotenie pracoviska |
| 610 | 2 | 0 | |a služby |
| 610 | 2 | 0 | |a reklama |
| 610 | 2 | 0 | |a informácie |
| 610 | 2 | 0 | |a Slovensko |